Un ministro italiano en la corte de Felipe V (Record no. 177899)

MARC details
000 -LEADER
campo de control de longitud fija 01036nam a22002415i 4500
001 - NÚMERO DE CONTROL
campo de control 177899
003 - IDENTIFICADOR DE NÚMERO DE CONTROL
campo de control ES-MaACL
005 - FECHA Y HORA DE LA ÚLTIMA TRANSACCIÓN
campo de control 20251103200238.0
008 - DATOS DE LONGITUD FIJA--INFORMACIÓN GENERAL
campo de control de longitud fija 110505s1942 sp |||| | spa d
080 ## - NÚMERO DE LA CLASIFICACIÓN DECIMAL UNIVERSAL
Número de la Clasificación Decimal Universal 94(460)"1700-1746"
080 ## - NÚMERO DE LA CLASIFICACIÓN DECIMAL UNIVERSAL
Número de la Clasificación Decimal Universal 929 Alberoni, Giulio
100 1# - ENTRADA PRINCIPAL--NOMBRE DE PERSONA
Nombre de persona Ferrandis Torres, Manuel.
9 (RLIN) 50268
245 13 - MENCIÓN DEL TÍTULO
Título Un ministro italiano en la corte de Felipe V
Resto del título : Alberoni : conferencia pronunciada el día 24 de enero de 1942, en la apertura de cursos de la Sección de Valladolid /
Mención de responsabilidad, etc. por Manuel Ferrandis Torres.
260 ## - PUBLICACIÓN, DISTRIBUCIÓN, ETC.
Lugar de publicación, distribución, etc. Madrid :
Nombre del editor, distribuidor, etc. Istituto Italiano di Cultura in Spagna,
Fecha de publicación, distribución, etc. 1942.
300 ## - DESCRIPCIÓN FÍSICA
Extensión 19 ;
Dimensiones 25 cm.
490 1# - MENCIÓN DE SERIE
Mención de serie Quaderni dell'Istituto Italiano di Cultura in Spagna ;
Designación de volumen o secuencia 5
600 14 - PUNTO DE ACCESO ADICIONAL DE MATERIA--NOMBRE DE PERSONA
Nombre de persona Alberoni, Giulio,
Fechas asociadas al nombre 1664-1752
9 (RLIN) 19302
651 #4 - PUNTO DE ACCESO ADICIONAL DE MATERIA--NOMBRE GEOGRÁFICO
Nombre geográfico España-
Subdivisión general Historia-
Subdivisión cronológica 1700-1746, Felipe V.
9 (RLIN) 8237
710 0# - ENTRADA AGREGADA--NOMBRE DE ENTIDAD CORPORATIVA
Nombre de entidad corporativa o nombre de jurisdicción como elemento de entrada Istituto Italiano di Cultura (Madrid)
9 (RLIN) 5298
830 0# - PUNTO DE ACCESO ADICIONAL DE SERIE-TÍTULO UNIFORME
Título uniforme Quaderni dell'Istituto Italiano di Cultura in Spagna ;
Designación de volumen o secuencia 5
9 (RLIN) 190645
852 ## - LOCALIZACIÓN
Ubicación ES-MaACL
Número de control de estantería 2289-F-11
Encuadernación Olim P-914
Holdings
Estatus retirado Estado de pérdida Estado de daño No para préstamo Colección Biblioteca de origen Biblioteca actual Ubicación en estantería Fecha de adquisición Fuente de adquisición Total de préstamos Signatura topográfica completa Código de barras Visto por última vez Precio de reemplazo Tipo de ítem Koha
        Colección de folletos Biblioteca del Ateneo de Madrid Biblioteca del Ateneo de Madrid Depósito folletos 05/05/2011     2289-F-11 1186887 23/02/2023 23/02/2023 Folleto